[Event "World Chess Olympiad 2018"]
[Site "Batumi"]
[Date "2018.10.03"]
[Round "9"]
[Board "4"]
[WhiteFideId "6100376"]
[White "Picado Jorge"]
[BlackFideId "9900993"]
[Black "Alahakoon Isuru"]
[Result "0-1"]
[LiveChessVersion "1.4.8"]
[BlackElo "2121"]
[WhiteElo "2143"]

1. e4 {[%clk 1:29:42]} e6 {[%clk 1:30:49]} 2. d3 {[%clk 1:28:57]} d5
{[%clk 1:30:39]} 3. Nd2 {[%clk 1:29:23]} Nf6 {[%clk 1:30:53]} 4. Ngf3
{[%clk 1:29:26]} Bc5 {[%clk 1:30:38]} 5. e5 {[%clk 1:27:29]} Nfd7
{[%clk 1:30:59]} 6. d4 {[%clk 1:27:50]} Be7 {[%clk 1:31:22]} 7. Bd3
{[%clk 1:23:06]} c5 {[%clk 1:31:40]} 8. c3 {[%clk 1:23:31]} Nc6 {[%clk 1:32:06]}
9. O-O {[%clk 1:18:23]} g5 {[%clk 1:32:24]} 10. h3 {[%clk 1:17:28]} h5
{[%clk 1:32:38]} 11. Bb5 {[%clk 1:12:58]} Qb6 {[%clk 1:25:15]} 12. Bxc6
{[%clk 1:11:45]} bxc6 {[%clk 1:25:34]} 13. Nb3 {[%clk 1:02:37]} Ba6
{[%clk 1:04:25]} 14. Re1 {[%clk 0:56:29]} c4 {[%clk 1:01:48]} 15. Nbd2
{[%clk 0:52:47]} g4 {[%clk 1:00:48]} 16. hxg4 {[%clk 0:52:12]} hxg4
{[%clk 1:01:11]} 17. Nh2 {[%clk 0:52:32]} g3 {[%clk 1:01:18]} 18. fxg3
{[%clk 0:52:52]} O-O-O {[%clk 0:54:25]} 19. Ndf3 {[%clk 0:52:50]} Rdg8
{[%clk 0:53:19]} 20. Nf1 {[%clk 0:51:14]} c5 {[%clk 0:53:21]} 21. Qc2
{[%clk 0:38:05]} f6 {[%clk 0:47:02]} 22. Qf2 {[%clk 0:32:06]} cxd4
{[%clk 0:46:26]} 23. cxd4 {[%clk 0:32:20]} fxe5 {[%clk 0:46:14]} 24. Rxe5
{[%clk 0:16:01]} Nxe5 {[%clk 0:45:13]} 25. Nxe5 {[%clk 0:14:07]} Rf8
{[%clk 0:45:16]} 26. Bf4 {[%clk 0:13:58]} Bf6 {[%clk 0:45:33]} 27. Qd2
{[%clk 0:10:53]} Bxe5 {[%clk 0:45:05]} 28. Bxe5 {[%clk 0:11:13]} Rh5
{[%clk 0:44:49]} 29. Re1 {[%clk 0:11:19]} Rxe5 {[%clk 0:42:35]} 30. Rxe5
{[%clk 0:06:09]} Rxf1+ {[%clk 0:42:48]} 31. Kh2 Rf7 {[%clk 0:38:22]} 32. Qh6
{[%clk 0:06:34]} Re7 {[%clk 0:36:30]} 33. g4 {[%clk 0:06:25]} Kd7
{[%clk 0:34:27]} 34. Qd2 {[%clk 0:06:09]} Rh7+ {[%clk 0:34:11]} 35. Kg3
{[%clk 0:06:30]} Qb5 {[%clk 0:27:47]} 36. Qc3 {[%clk 0:05:09]} Qa4
{[%clk 0:26:12]} 0-1

[Event "World Chess Olympiad 2018"]
[Site "Batumi"]
[Date "2018.10.03"]
[Round "9"]
[Board "1"]
[WhiteFideId "7300069"]
[White "Reyes Najera Carlos A."]
[BlackFideId "3301478"]
[Black "Gemy Jose Daniel"]
[Result "0-1"]
[LiveChessVersion "1.4.8"]
[BlackElo "2400"]
[WhiteElo "2149"]

1. d4 {[%clk 1:30:59]} d5 {[%clk 1:30:50]} 2. Nf3 {[%clk 1:31:22]} e6
{[%clk 1:31:00]} 3. c4 {[%clk 1:28:19]} Be7 {[%clk 1:30:57]} 4. e3
{[%clk 1:27:35]} Nf6 {[%clk 1:31:22]} 5. Nc3 {[%clk 1:27:50]} O-O
{[%clk 1:31:46]} 6. Bd3 {[%clk 1:28:07]} c5 {[%clk 1:30:19]} 7. O-O
{[%clk 1:19:52]} Nc6 {[%clk 1:27:15]} 8. dxc5 {[%clk 1:13:24]} Bxc5
{[%clk 1:27:33]} 9. a3 {[%clk 1:13:21]} a5 {[%clk 1:16:27]} 10. Qc2
{[%clk 1:03:34]} dxc4 {[%clk 1:14:22]} 11. Bxc4 {[%clk 1:03:56]} Qe7
{[%clk 1:12:59]} 12. e4 {[%clk 0:59:03]} Ng4 {[%clk 1:08:14]} 13. Bg5
{[%clk 0:49:54]} f6 {[%clk 0:59:42]} 14. Bf4 {[%clk 0:43:50]} g5 {[%clk 0:57:53]}
15. Bg3 {[%clk 0:33:29]} h5 {[%clk 0:57:52]} 16. Nb5 {[%clk 0:31:30]} h4
{[%clk 0:45:48]} 17. Bc7 {[%clk 0:31:58]} h3 {[%clk 0:46:01]} 18. gxh3
{[%clk 0:29:11]} Nge5 {[%clk 0:43:52]} 19. Bxe5 {[%clk 0:18:57]} fxe5
{[%clk 0:43:51]} 20. Be2 {[%clk 0:19:02]} g4 {[%clk 0:23:33]} 21. hxg4
{[%clk 0:18:54]} Rf4 {[%clk 0:23:46]} 22. Ne1 {[%clk 0:16:49]} Rf7
{[%clk 0:19:06]} 23. Nd3 {[%clk 0:16:16]} Bb6 {[%clk 0:19:22]} 24. Kh1
{[%clk 0:15:05]} Bd7 {[%clk 0:18:35]} 25. f4 {[%clk 0:10:08]} exf4
{[%clk 0:14:51]} 26. Rxf4 {[%clk 0:10:25]} Rh7 {[%clk 0:13:25]} 27. g5
{[%clk 0:08:13]} Be3 {[%clk 0:08:53]} 28. g6 {[%clk 0:07:25]} Rh6
{[%clk 0:05:38]} 29. Rg4 {[%clk 0:05:14]} Rf8 {[%clk 0:06:07]} 30. Rf1
{[%clk 0:05:29]} Rxf1+ {[%clk 0:06:15]} 31. Bxf1 {[%clk 0:05:58]} Qf6
{[%clk 0:06:41]} 32. Qg2 {[%clk 0:05:29]} Ne7 {[%clk 0:03:51]} 33. Nc3
{[%clk 0:04:59]} Nxg6 {[%clk 0:02:04]} 34. Rg3 {[%clk 0:04:16]} Bd4
{[%clk 0:01:43]} 35. Rf3 {[%clk 0:04:01]} Qg7 {[%clk 0:01:58]} 36. Rg3
{[%clk 0:04:01]} Qf6 {[%clk 0:00:59]} 37. Be2 {[%clk 0:03:51]} Kh7
{[%clk 0:01:17]} 38. Rf3 {[%clk 0:04:13]} Qe7 {[%clk 0:01:24]} 39. Qf1
{[%clk 0:02:08]} Qh4 {[%clk 0:01:46]} 40. h3 {[%clk 0:32:30]} Bc6
{[%clk 0:31:52]} 41. Rf7+ {[%clk 0:17:07]} Kg8 {[%clk 0:31:15]} 42. Rc7
{[%clk 0:09:17]} Qxh3+ {[%clk 0:30:46]} 43. Qxh3 {[%clk 0:09:42]} Rxh3+
{[%clk 0:31:12]} 44. Kg2 {[%clk 0:10:07]} Rxd3 {[%clk 0:31:33]} 45. Bxd3
{[%clk 0:09:16]} Nf4+ {[%clk 0:32:02]} 46. Kf3 {[%clk 0:09:35]} Nxd3
{[%clk 0:32:30]} 47. Ne2 {[%clk 0:09:07]} Bxb2 {[%clk 0:32:00]} 48. Nf4
{[%clk 0:09:34]} Nxf4 {[%clk 0:28:54]} 49. Kxf4 {[%clk 0:10:01]} Bxa3
{[%clk 0:28:07]} 50. e5 {[%clk 0:07:48]} Bc1+ {[%clk 0:27:51]} 51. Kg4
{[%clk 0:08:12]} Bb2 {[%clk 0:28:14]} 52. Kf4 {[%clk 0:03:09]} a4
{[%clk 0:28:27]} 53. Rc8+ {[%clk 0:01:33]} Kf7 {[%clk 0:28:56]} 54. Ra8
{[%clk 0:01:52]} a3 {[%clk 0:29:22]} 0-1

[Event "World Chess Olympiad 2018"]
[Site "Batumi"]
[Date "2018.10.03"]
[Round "9"]
[Board "2"]
[WhiteFideId "3304094"]
[White "Bolanos Fernando"]
[BlackFideId "7300662"]
[Black "Cu Hor Winston Darwin"]
[Result "0-1"]
[LiveChessVersion "1.4.8"]
[BlackElo "2319"]
[WhiteElo "2215"]

1. e4 {[%clk 1:30:57]} c5 {[%clk 1:30:49]} 2. Nf3 {[%clk 1:31:18]} d6
{[%clk 1:31:07]} 3. d4 {[%clk 1:31:42]} Nf6 {[%clk 1:31:23]} 4. Nc3
{[%clk 1:32:02]} cxd4 {[%clk 1:31:23]} 5. Nxd4 {[%clk 1:32:25]} a6
{[%clk 1:31:44]} 6. Be2 {[%clk 1:32:49]} e5 {[%clk 1:30:48]} 7. Nb3
{[%clk 1:33:13]} Be7 {[%clk 1:31:09]} 8. Be3 {[%clk 1:33:39]} O-O
{[%clk 1:30:08]} 9. g4 {[%clk 1:34:05]} Be6 {[%clk 1:29:21]} 10. g5
{[%clk 1:32:20]} Nfd7 {[%clk 1:24:54]} 11. h4 {[%clk 1:27:44]} Nc6
{[%clk 1:24:10]} 12. Qd2 {[%clk 1:22:10]} a5 {[%clk 1:21:54]} 13. a4
{[%clk 1:21:26]} Nb4 {[%clk 1:22:07]} 14. O-O-O {[%clk 1:02:36]} Rc8
{[%clk 1:20:23]} 15. Kb1 {[%clk 0:55:03]} f5 {[%clk 1:19:21]} 16. f3
{[%clk 0:38:10]} f4 {[%clk 1:18:40]} 17. Bg1 {[%clk 0:36:46]} Nb6
{[%clk 1:13:13]} 18. Bb5 {[%clk 0:29:55]} Nc4 {[%clk 1:09:13]} 19. Qe1
{[%clk 0:30:13]} Qc7 {[%clk 1:05:15]} 20. Rh2 {[%clk 0:29:18]} Bd8
{[%clk 0:51:33]} 21. Nc1 {[%clk 0:27:29]} Be7 {[%clk 0:46:35]} 22. N1a2
{[%clk 0:26:52]} Nxa2 {[%clk 0:38:53]} 23. Nxa2 {[%clk 0:27:07]} Ne3
{[%clk 0:38:22]} 24. Bxe3 {[%clk 0:24:52]} fxe3 {[%clk 0:38:50]} 25. Qxe3
{[%clk 0:25:12]} Qc5 {[%clk 0:39:04]} 26. Rd3 {[%clk 0:16:09]} Rxf3
{[%clk 0:37:44]} 27. Qe1 {[%clk 0:09:25]} Rcf8 {[%clk 0:34:23]} 28. Rxf3
{[%clk 0:04:21]} Rxf3 {[%clk 0:34:50]} 29. Nc3 {[%clk 0:04:29]} Bd8
{[%clk 0:29:40]} 30. Bd3 {[%clk 0:04:11]} Qd4 {[%clk 0:28:58]} 31. Qh1
{[%clk 0:03:54]} Rf8 {[%clk 0:27:52]} 32. Qe1 {[%clk 0:03:47]} Bb6
{[%clk 0:27:39]} 33. Rh1 {[%clk 0:03:48]} Rf3 {[%clk 0:20:52]} 34. Qd1
{[%clk 0:03:06]} Rf2 {[%clk 0:19:55]} 35. Qh5 {[%clk 0:02:11]} g6
{[%clk 0:18:26]} 36. Qh6 {[%clk 0:01:56]} Bf7 {[%clk 0:15:27]} 37. Nd1
{[%clk 0:01:02]} Rg2 {[%clk 0:12:38]} 38. h5 {[%clk 0:01:31]} gxh5
{[%clk 0:04:11]} 39. Rf1 {[%clk 0:00:34]} Rg1 {[%clk 0:03:11]} 40. Rxg1 Qxg1
{[%clk 0:33:14]} 41. Be2 {[%clk 0:27:45]} Qh2 {[%clk 0:27:30]} 42. Bf3
{[%clk 0:18:24]} Bg6 {[%clk 0:19:37]} 43. Nc3 {[%clk 0:18:41]} Bd8
{[%clk 0:18:36]} 44. Be2 {[%clk 0:09:43]} Qg1+ {[%clk 0:18:54]} 45. Ka2
{[%clk 0:10:12]} d5 {[%clk 0:18:16]} 46. Nxd5 {[%clk 0:10:33]} Bxg5
{[%clk 0:18:36]} 47. Nf6+ {[%clk 0:10:56]} Bxf6 {[%clk 0:17:20]} 48. Bc4+
{[%clk 0:11:18]} Bf7 {[%clk 0:17:43]} 49. Bxf7+ {[%clk 0:11:38]} Kxf7
{[%clk 0:18:06]} 50. Qxh7+ {[%clk 0:12:02]} Kf8 {[%clk 0:18:07]} 51. Qh6+
{[%clk 0:11:14]} Qg7 {[%clk 0:18:22]} 52. Qxh5 {[%clk 0:10:26]} Qf7+
{[%clk 0:18:33]} 53. Qxf7+ {[%clk 0:10:54]} Kxf7 {[%clk 0:18:55]} 54. Kb3
{[%clk 0:11:21]} Ke6 {[%clk 0:18:44]} 55. Kc4 {[%clk 0:11:47]} Kd6
{[%clk 0:18:40]} 56. Kb5 {[%clk 0:12:16]} Bd8 {[%clk 0:18:25]} 57. c3
{[%clk 0:11:53]} b6 {[%clk 0:18:07]} 58. b3 {[%clk 0:12:13]} Kc7 {[%clk 0:18:27]}
59. b4 {[%clk 0:08:43]} axb4 {[%clk 0:18:33]} 60. cxb4 {[%clk 0:09:11]} Bh4 0-1

[Event "World Chess Olympiad 2018"]
[Site "Batumi"]
[Date "2018.10.03"]
[Round "9"]
[Board "3"]
[WhiteFideId "7300220"]
[White "Ortiz Q Johnny Alexander"]
[BlackFideId "3303144"]
[Black "Pinto Daniel"]
[Result "1-0"]
[LiveChessVersion "1.4.8"]
[BlackElo "2131"]
[WhiteElo "2207"]

1. Nf3 {[%clk 1:30:58]} Nf6 {[%clk 1:30:26]} 2. g3 {[%clk 1:31:24]} d5
{[%clk 1:30:42]} 3. Bg2 {[%clk 1:31:49]} c6 {[%clk 1:30:58]} 4. d4
{[%clk 1:31:31]} e6 {[%clk 1:30:23]} 5. O-O {[%clk 1:31:15]} Bd6 {[%clk 1:30:26]}
6. c4 {[%clk 1:31:36]} O-O {[%clk 1:30:49]} 7. b3 {[%clk 1:30:01]} b6
{[%clk 1:26:31]} 8. Bb2 {[%clk 1:28:00]} Nbd7 {[%clk 1:26:22]} 9. Nc3
{[%clk 1:24:06]} Bb7 {[%clk 1:14:17]} 10. Qc2 {[%clk 1:17:54]} Rc8
{[%clk 1:05:37]} 11. e4 {[%clk 1:06:50]} dxe4 {[%clk 1:05:27]} 12. Nxe4
{[%clk 1:06:58]} Nxe4 {[%clk 1:04:11]} 13. Qxe4 {[%clk 1:07:26]} Qe7
{[%clk 1:03:43]} 14. Rfe1 {[%clk 1:03:12]} Rfd8 {[%clk 1:02:26]} 15. Rad1
{[%clk 0:50:55]} Nf8 {[%clk 0:45:16]} 16. Qg4 {[%clk 0:43:31]} f5
{[%clk 0:23:39]} 17. Qh5 {[%clk 0:41:31]} h6 {[%clk 0:21:14]} 18. Ne5
{[%clk 0:35:56]} Bxe5 {[%clk 0:08:21]} 19. Rxe5 {[%clk 0:36:21]} Nd7
{[%clk 0:08:19]} 20. Re3 {[%clk 0:34:06]} Qf6 {[%clk 0:04:09]} 21. Qe2
{[%clk 0:17:07]} Nf8 {[%clk 0:02:03]} 22. Re5 {[%clk 0:16:54]} Rc7
{[%clk 0:01:05]} 23. Re1 {[%clk 0:14:27]} Bc8 {[%clk 0:00:50]} 24. d5
{[%clk 0:09:39]} Qf7 {[%clk 0:01:19]} 25. dxc6 {[%clk 0:06:08]} Ng6
{[%clk 0:01:03]} 26. Re3 {[%clk 0:06:16]} f4 {[%clk 0:01:07]} 27. Rd3
{[%clk 0:06:18]} Re8 {[%clk 0:00:50]} 28. Be5 {[%clk 0:05:00]} Rce7
{[%clk 0:00:59]} 29. Bd6 {[%clk 0:04:35]} 1-0

[Event "World Chess Olympiad 2018"]
[Site "Batumi"]
[Date "2018.10.03"]
[Round "9"]
[Board "4"]
[WhiteFideId "3302105"]
[White "Rozo Paulo"]
[BlackFideId "7300239"]
[Black "Lorenzana Wilson Estuardo"]
[Result "1/2-1/2"]
[LiveChessVersion "1.4.8"]
[BlackElo "2292"]
[WhiteElo "2157"]

1. e4 {[%clk 1:30:54]} c5 {[%clk 1:30:55]} 2. c3 {[%clk 1:31:19]} Nf6
{[%clk 1:31:20]} 3. e5 {[%clk 1:31:35]} Nd5 {[%clk 1:31:46]} 4. Nf3
{[%clk 1:31:39]} e6 {[%clk 1:29:40]} 5. Bc4 {[%clk 1:29:04]} d6 {[%clk 1:27:06]}
6. O-O {[%clk 1:27:59]} Be7 {[%clk 1:26:41]} 7. d4 {[%clk 1:24:17]} cxd4
{[%clk 1:25:28]} 8. cxd4 {[%clk 1:23:20]} Nc6 {[%clk 1:25:48]} 9. Qe2
{[%clk 1:18:09]} a6 {[%clk 1:24:39]} 10. Nc3 {[%clk 1:15:33]} dxe5
{[%clk 1:22:07]} 11. dxe5 {[%clk 1:15:50]} Nxc3 {[%clk 1:19:46]} 12. bxc3
{[%clk 1:16:17]} Qc7 {[%clk 1:19:19]} 13. a4 {[%clk 0:59:11]} Bd7
{[%clk 1:18:27]} 14. Bd3 {[%clk 0:54:47]} Rc8 {[%clk 1:14:59]} 15. Re1
{[%clk 0:48:04]} h6 {[%clk 1:15:23]} 16. h4 {[%clk 0:46:47]} Na5 {[%clk 1:15:18]}
17. Be3 {[%clk 0:35:12]} Nb3 {[%clk 1:14:56]} 18. Rab1 {[%clk 0:34:12]} Nc5
{[%clk 1:15:01]} 19. Bxc5 {[%clk 0:28:13]} Bxc5 {[%clk 1:15:24]} 20. Nd4
{[%clk 0:27:15]} Be7 {[%clk 1:07:26]} 21. Qg4 {[%clk 0:23:34]} g5
{[%clk 1:04:51]} 22. Re3 {[%clk 0:21:04]} Rb8 {[%clk 0:52:57]} 23. Qh5
{[%clk 0:15:40]} Rf8 {[%clk 0:48:24]} 24. Qxh6 {[%clk 0:15:12]} gxh4
{[%clk 0:48:48]} 25. Qh5 {[%clk 0:15:18]} Kd8 {[%clk 0:47:58]} 26. Be4
{[%clk 0:13:18]} Kc8 {[%clk 0:44:44]} 27. Rf3 {[%clk 0:13:10]} Be8
{[%clk 0:35:26]} 28. Nxe6 {[%clk 0:12:36]} Qc4 {[%clk 0:20:37]} 29. Qg4
{[%clk 0:12:12]} Qxe6 {[%clk 0:21:00]} 30. Bf5 {[%clk 0:12:35]} Bd7
{[%clk 0:21:08]} 31. Bxe6 {[%clk 0:12:50]} Bxe6 {[%clk 0:21:27]} 32. Qd4
{[%clk 0:12:31]} Rd8 {[%clk 0:21:45]} 33. Qb6 {[%clk 0:09:20]} Rd5
{[%clk 0:21:58]} 34. c4 {[%clk 0:02:30]} Rc5 {[%clk 0:19:25]} 35. Rf4
{[%clk 0:01:57]} Rc6 {[%clk 0:18:32]} 36. Qd4 {[%clk 0:01:07]} Kc7
{[%clk 0:14:54]} 37. Qb2 {[%clk 0:00:43]} b6 {[%clk 0:14:44]} 38. Rc1
{[%clk 0:00:44]} Bg5 {[%clk 0:14:36]} 39. Qd4 {[%clk 0:01:01]} b5
{[%clk 0:08:45]} 40. axb5 {[%clk 0:31:02]} axb5 {[%clk 0:39:06]} 41. c5
{[%clk 0:18:16]} Rd8 {[%clk 0:36:48]} 42. Qb4 {[%clk 0:16:45]} Ra8
{[%clk 0:35:17]} 43. Qd2 {[%clk 0:13:03]} Kc8 {[%clk 0:35:40]} 44. Qb4
{[%clk 0:10:52]} Kc7 {[%clk 0:35:20]} 1/2-1/2

[Event "World Chess Olympiad 2018"]
[Site "Batumi"]
[Date "2018.10.03"]
[Round "9"]
[Board "1"]
[WhiteFideId "13100050"]
[White "Rakotomaharo Fy Antenaina"]
[BlackFideId "15200515"]
[Black "Handjaba Mclean"]
[Result "1-0"]
[LiveChessVersion "1.4.8"]
[BlackElo "1956"]
[WhiteElo "2422"]

1. d4 {[%clk 1:30:57]} Nf6 {[%clk 1:30:53]} 2. c4 {[%clk 1:31:23]} e6
{[%clk 1:31:04]} 3. Nc3 {[%clk 1:31:22]} b6 {[%clk 1:31:07]} 4. e4
{[%clk 1:31:21]} Bb4 {[%clk 1:29:05]} 5. Bd3 {[%clk 1:29:22]} Bb7
{[%clk 1:25:53]} 6. Qc2 {[%clk 1:28:57]} c5 {[%clk 1:18:37]} 7. d5
{[%clk 1:28:46]} e5 {[%clk 1:16:26]} 8. f4 {[%clk 1:28:08]} d6 {[%clk 1:12:48]}
9. Nf3 {[%clk 1:28:32]} Nbd7 {[%clk 1:05:42]} 10. O-O {[%clk 1:28:41]} Bxc3
{[%clk 1:05:10]} 11. Qxc3 {[%clk 1:28:52]} Qe7 {[%clk 1:04:54]} 12. fxe5
{[%clk 1:20:58]} dxe5 {[%clk 0:53:00]} 13. Bg5 {[%clk 1:21:00]} O-O
{[%clk 0:52:35]} 14. Nh4 {[%clk 1:20:57]} Rfe8 {[%clk 0:41:28]} 15. Nf5
{[%clk 1:18:25]} Qf8 {[%clk 0:41:39]} 16. Bc2 {[%clk 1:17:23]} Kh8
{[%clk 0:28:01]} 17. Rf3 {[%clk 1:07:39]} Bc8 {[%clk 0:26:26]} 18. Raf1
{[%clk 1:06:19]} Ng8 {[%clk 0:14:25]} 19. Ba4 {[%clk 1:05:49]} f6
{[%clk 0:12:40]} 20. Bd2 {[%clk 1:05:39]} Ne7 {[%clk 0:10:46]} 21. Nh4
{[%clk 1:05:54]} Ng6 {[%clk 0:08:21]} 22. Nxg6+ {[%clk 1:05:48]} hxg6
{[%clk 0:08:50]} 23. Bc6 {[%clk 1:06:09]} Rb8 {[%clk 0:07:12]} 24. Rh3+
{[%clk 0:57:34]} Kg8 {[%clk 0:07:35]} 25. Qg3 {[%clk 0:57:57]} Qd6
{[%clk 0:02:30]} 26. Rh6 {[%clk 0:55:07]} Kf8 {[%clk 0:00:53]} 27. Qxg6
{[%clk 0:54:58]} gxh6 {[%clk 0:00:42]} 28. Bxd7 {[%clk 0:55:20]} Re7
{[%clk 0:00:32]} 1-0

[Event "World Chess Olympiad 2018"]
[Site "Batumi"]
[Date "2018.10.03"]
[Round "9"]
[Board "2"]
[WhiteFideId "15200540"]
[White "Beukes Dante M"]
[BlackFideId "13100351"]
[Black "Ralison Milanto Harifidy"]
[Result "1-0"]
[LiveChessVersion "1.4.8"]
[BlackElo "2281"]
[WhiteElo "2155"]

1. e4 {[%clk 1:30:57]} c5 {[%clk 1:30:47]} 2. Nf3 {[%clk 1:31:23]} d6
{[%clk 1:31:09]} 3. d4 {[%clk 1:31:46]} cxd4 {[%clk 1:31:33]} 4. Nxd4
{[%clk 1:32:11]} Nf6 {[%clk 1:31:55]} 5. Nc3 {[%clk 1:32:37]} a6 {[%clk 1:32:16]}
6. Bg5 {[%clk 1:32:58]} Nbd7 {[%clk 1:32:11]} 7. f4 {[%clk 1:32:15]} Qc7
{[%clk 1:32:03]} 8. Qe2 {[%clk 1:32:06]} e5 {[%clk 1:30:42]} 9. fxe5
{[%clk 1:27:06]} dxe5 {[%clk 1:30:51]} 10. Nf5 {[%clk 1:24:31]} h6
{[%clk 1:30:15]} 11. Bxf6 {[%clk 1:23:16]} Nxf6 {[%clk 1:30:33]} 12. O-O-O
{[%clk 1:22:22]} Be6 {[%clk 1:17:58]} 13. g4 {[%clk 1:12:46]} Rc8
{[%clk 1:06:02]} 14. Kb1 {[%clk 1:01:29]} b5 {[%clk 0:47:33]} 15. Nd5
{[%clk 0:53:35]} Nxd5 {[%clk 0:41:58]} 16. exd5 {[%clk 0:53:56]} Bxf5
{[%clk 0:41:58]} 17. gxf5 {[%clk 0:54:07]} Be7 {[%clk 0:36:48]} 18. f6
{[%clk 0:48:18]} gxf6 {[%clk 0:30:47]} 19. Bh3 {[%clk 0:48:25]} Rd8
{[%clk 0:28:38]} 20. Qg4 {[%clk 0:42:28]} Rf8 {[%clk 0:18:54]} 21. Qh5
{[%clk 0:40:16]} Qc4 {[%clk 0:15:32]} 22. Be6 {[%clk 0:35:49]} f5
{[%clk 0:06:48]} 23. Bxf5 {[%clk 0:33:52]} Rxd5 {[%clk 0:04:32]} 24. Rxd5
{[%clk 0:34:09]} Qxd5 {[%clk 0:04:58]} 25. Rd1 {[%clk 0:34:29]} Qc6
{[%clk 0:04:40]} 26. Qh3 {[%clk 0:27:06]} Bd6 {[%clk 0:05:04]} 27. Qxh6
{[%clk 0:27:15]} Ke7 {[%clk 0:05:27]} 28. Qg5+ {[%clk 0:24:15]} f6
{[%clk 0:05:46]} 29. Qg7+ {[%clk 0:24:23]} Rf7 {[%clk 0:06:07]} 30. Qg4
{[%clk 0:23:18]} Qc4 {[%clk 0:05:32]} 31. Qg2 {[%clk 0:22:36]} b4
{[%clk 0:02:02]} 32. Qb7+ {[%clk 0:18:08]} Kf8 {[%clk 0:02:15]} 33. Qa8+
{[%clk 0:18:28]} Ke7 {[%clk 0:02:41]} 34. b3 {[%clk 0:12:29]} Qc5
{[%clk 0:01:41]} 35. Qb7+ {[%clk 0:11:16]} Kf8 {[%clk 0:02:06]} 36. Qxa6
{[%clk 0:11:10]} Ke7 {[%clk 0:01:25]} 37. Qb7+ {[%clk 0:09:58]} Kf8
{[%clk 0:01:50]} 38. Qa8+ {[%clk 0:10:04]} Ke7 {[%clk 0:01:30]} 39. Rd5
{[%clk 0:07:24]} Qf2 {[%clk 0:01:04]} 40. Qb7+ {[%clk 0:37:14]} Kf8
{[%clk 0:31:15]} 41. Qc8+ {[%clk 0:37:13]} Kg7 {[%clk 0:28:10]} 42. Rxd6
{[%clk 0:36:23]} e4 {[%clk 0:25:56]} 43. Rd8 {[%clk 0:34:47]} Kh6
{[%clk 0:22:55]} 44. h4 {[%clk 0:34:22]} 1-0

[Event "World Chess Olympiad 2018"]
[Site "Batumi"]
[Date "2018.10.03"]
[Round "9"]
[Board "3"]
[WhiteFideId "13100858"]
[White "Andriamasoandro Miora"]
[BlackFideId "15200051"]
[Black "Eichab Charles"]
[Result "1-0"]
[LiveChessVersion "1.4.8"]
[BlackElo "2016"]
[WhiteElo "2126"]

1. d4 {[%clk 1:30:57]} Nf6 {[%clk 1:30:47]} 2. Nf3 {[%clk 1:31:16]} e6
{[%clk 1:30:51]} 3. Bf4 {[%clk 1:31:17]} b6 {[%clk 1:30:58]} 4. e3
{[%clk 1:31:13]} Bb7 {[%clk 1:30:58]} 5. Nbd2 {[%clk 1:30:20]} Be7
{[%clk 1:30:45]} 6. Bd3 {[%clk 1:30:25]} c5 {[%clk 1:29:05]} 7. c3
{[%clk 1:29:50]} cxd4 {[%clk 1:27:50]} 8. cxd4 {[%clk 1:29:48]} O-O
{[%clk 1:26:28]} 9. O-O {[%clk 1:28:04]} Nc6 {[%clk 1:25:12]} 10. a3
{[%clk 1:26:41]} d6 {[%clk 1:19:11]} 11. Qb1 {[%clk 1:23:47]} h6 {[%clk 1:13:40]}
12. h3 {[%clk 1:23:05]} d5 {[%clk 1:01:02]} 13. Qd1 {[%clk 1:16:24]} Rc8
{[%clk 0:54:53]} 14. Rc1 {[%clk 1:13:25]} Re8 {[%clk 0:50:12]} 15. Qe2
{[%clk 1:11:45]} Bd6 {[%clk 0:43:57]} 16. Ne5 {[%clk 1:00:32]} Bxe5
{[%clk 0:28:44]} 17. dxe5 {[%clk 1:00:52]} Nd7 {[%clk 0:25:18]} 18. Bb5
{[%clk 0:57:44]} Rf8 {[%clk 0:17:48]} 19. Nf3 {[%clk 0:54:04]} f6
{[%clk 0:16:44]} 20. Bxc6 {[%clk 0:53:12]} Rxc6 {[%clk 0:12:51]} 21. Rxc6
{[%clk 0:52:37]} Bxc6 {[%clk 0:13:14]} 22. Nd4 {[%clk 0:51:37]} Nb8
{[%clk 0:07:02]} 23. Nxe6 {[%clk 0:50:15]} Qe8 {[%clk 0:05:25]} 24. Nxf8
{[%clk 0:43:01]} fxe5 {[%clk 0:01:54]} 25. Qg4 {[%clk 0:39:13]} exf4
{[%clk 0:01:44]} 26. Ne6 {[%clk 0:39:18]} Qf7 {[%clk 0:00:40]} 27. Nxf4
{[%clk 0:39:07]} Bd7 {[%clk 0:00:40]} 28. Qd1 {[%clk 0:38:26]} Bc6
{[%clk 0:00:50]} 29. Qd4 {[%clk 0:38:33]} Qd7 {[%clk 0:00:32]} 30. Rd1
{[%clk 0:37:04]} Bb7 {[%clk 0:00:34]} 31. Nxd5 {[%clk 0:36:54]} Qf7
{[%clk 0:00:38]} 32. Qe5 {[%clk 0:35:39]} Na6 {[%clk 0:00:48]} 33. b4
{[%clk 0:34:28]} Kh7 {[%clk 0:00:33]} 34. e4 {[%clk 0:34:15]} 1-0

[Event "World Chess Olympiad 2018"]
[Site "Batumi"]
[Date "2018.10.03"]
[Round "9"]
[Board "4"]
[WhiteFideId "15200523"]
[White "Gariseb Immanuel"]
[BlackFideId "13100424"]
[Black "Rajaonarison Faniry"]
[Result "0-1"]
[LiveChessVersion "1.4.8"]
[BlackElo "2126"]
[WhiteElo "1820"]

1. e4 {[%clk 1:30:56]} c5 {[%clk 1:30:50]} 2. Nf3 {[%clk 1:31:20]} d6
{[%clk 1:31:16]} 3. d4 {[%clk 1:31:44]} cxd4 {[%clk 1:31:40]} 4. Nxd4
{[%clk 1:32:11]} Nf6 {[%clk 1:31:59]} 5. Nc3 {[%clk 1:32:37]} a6 {[%clk 1:32:20]}
6. f4 {[%clk 1:32:58]} e5 {[%clk 1:30:21]} 7. Nf3 {[%clk 1:33:21]} Qc7
{[%clk 1:30:30]} 8. Bd3 {[%clk 1:33:10]} Be7 {[%clk 1:29:59]} 9. O-O
{[%clk 1:32:17]} O-O {[%clk 1:28:32]} 10. Qe1 {[%clk 1:32:15]} Re8
{[%clk 1:26:40]} 11. Kh1 {[%clk 1:29:51]} Be6 {[%clk 1:25:18]} 12. fxe5
{[%clk 1:20:40]} dxe5 {[%clk 1:25:39]} 13. Ng5 {[%clk 1:19:19]} Bc4
{[%clk 1:22:07]} 14. Bxc4 {[%clk 1:03:40]} Qxc4 {[%clk 1:22:17]} 15. Nf3
{[%clk 0:58:18]} Nbd7 {[%clk 1:14:28]} 16. Bg5 {[%clk 0:53:50]} Bb4
{[%clk 1:11:03]} 17. Nd2 {[%clk 0:46:57]} Qc6 {[%clk 1:09:04]} 18. Rf3
{[%clk 0:46:45]} h6 {[%clk 1:06:55]} 19. Bh4 {[%clk 0:43:06]} Rac8
{[%clk 1:06:50]} 20. Qg3 {[%clk 0:36:59]} Bxc3 {[%clk 1:06:40]} 21. bxc3
{[%clk 0:21:06]} Nxe4 {[%clk 1:01:32]} 22. Nxe4 {[%clk 0:21:04]} Qxe4
{[%clk 1:01:57]} 23. Raf1 {[%clk 0:21:23]} f5 {[%clk 1:01:17]} 24. Rxf5
{[%clk 0:18:00]} Rf8 {[%clk 1:01:28]} 25. Rxf8+ {[%clk 0:17:43]} Rxf8
{[%clk 1:01:52]} 26. Rxf8+ {[%clk 0:15:12]} Nxf8 {[%clk 1:02:15]} 27. Qf2
{[%clk 0:12:32]} Qd5 {[%clk 0:58:15]} 28. h3 {[%clk 0:11:25]} Qxa2
{[%clk 0:57:53]} 29. Qe2 {[%clk 0:10:02]} Qa1+ {[%clk 0:51:08]} 30. Be1
{[%clk 0:10:11]} Qa2 {[%clk 0:45:05]} 31. Qxe5 {[%clk 0:09:42]} Qe6
{[%clk 0:45:13]} 32. Qg3 {[%clk 0:09:17]} Qc6 {[%clk 0:38:32]} 33. Bf2
{[%clk 0:09:23]} a5 {[%clk 0:38:21]} 34. Qe5 {[%clk 0:09:30]} b5 {[%clk 0:37:26]}
35. Bd4 {[%clk 0:09:15]} Ne6 {[%clk 0:37:44]} 36. Qb8+ {[%clk 0:07:00]} Kh7
{[%clk 0:38:06]} 37. Be5 {[%clk 0:07:06]} a4 {[%clk 0:38:06]} 38. Bd6
{[%clk 0:05:57]} Qd5 {[%clk 0:35:03]} 39. Kh2 {[%clk 0:05:33]} Ng5
{[%clk 0:33:25]} 40. Bb4 {[%clk 0:34:09]} Ne4 {[%clk 1:01:06]} 41. Qf4
{[%clk 0:33:10]} Nd2 {[%clk 0:58:48]} 42. Qf8 {[%clk 0:31:43]} Nc4
{[%clk 0:56:07]} 43. h4 {[%clk 0:27:28]} Qe4 {[%clk 0:55:34]} 44. Kh3
{[%clk 0:26:28]} Ne3 {[%clk 0:55:22]} 45. Qf2 {[%clk 0:24:00]} Nxc2
{[%clk 0:54:45]} 0-1